MARC details
| 000 -CABECERA |
| campo de control de longitud fija |
01803nam a2200349 i 4500 |
| 001 - NÚMERO DE CONTROL |
| campo de control |
000020653 |
| 003 - IDENTIFICADOR DEL NÚMERO DE CONTROL |
| campo de control |
DO-SdBNP |
| 005 - FECHA Y HORA DE LA ÚLTIMA TRANSACCIÓN |
| campo de control |
20250801111422.0 |
| 007 - CAMPO FIJO DE DESCRIPCIÓN FÍSICA--INFORMACIÓN GENERAL |
| campo de control de longitud fija |
ta |
| 008 - DATOS DE LONGITUD FIJA--INFORMACIÓN GENERAL |
| campo de control de longitud fija |
100812s2017 dr r 000 0 spa d |
| 020 ## - NÚMERO INTERNACIONAL ESTÁNDAR DEL LIBRO |
| Número Internacional Estándar del Libro |
9789945452990 |
| 040 ## - FUENTE DE LA CATALOGACIÓN |
| Centro catalogador/agencia de origen |
DO-SdBNP |
| Lengua de catalogación |
spa |
| Centro/agencia transcriptor |
BNPHU |
| Normas de descripción |
rda |
| 041 ## - CÓDIGO DE LENGUA |
| Código de lengua del texto/banda sonora o título independiente |
spa |
| 082 #4 - NÚMERO DE LA CLASIFICACIÓN DECIMAL DEWEY |
| Número de clasificación |
362.29 |
| Número de documento/Ítem |
L869a |
| Número de edición |
22 |
| 100 1# - ENTRADA PRINCIPAL--NOMBRE DE PERSONA |
| Nombre de persona |
Lorenzo, David R. |
| Fechas asociadas al nombre |
1956- |
| Término indicativo de función/relación |
autor |
| 9 (RLIN) |
43395 |
| Código de función/relación |
aut. |
| 245 13 - MENCIÓN DE TÍTULO |
| Título |
El adicto / |
| Mención de responsabilidad, etc. |
David R. Lorenzo ; diagramación, Vanessa Pérez Bueno, Kenny Ramírez Herrera ; corrección, Miguelina Crespo ; prólogo, Roberto Rímoli. |
| 264 #1 - PRODUCCIÓN, PUBLICACIÓN, DISTRIBUCIÓN, FABRICACIÓN Y COPYRIGHT |
| Producción, publicación, distribución, fabricación y copyright |
Santo Domingo, D. N. : |
| Nombre del de productor, editor, distribuidor, fabricante |
Editora El nuevo diario, |
| Fecha de producción, publicación, distribución, fabricación o copyright |
2017. |
| 300 ## - DESCRIPCIÓN FÍSICA |
| Extensión |
373 páginas ; |
| Dimensiones |
23 cm. |
| Otras características físicas |
ilistraciones |
| 336 ## - TIPO DE CONTENIDO |
| Término de tipo de contenido |
texto |
| Código de tipo de contenido |
txt |
| Fuente |
rdaconten |
| 337 ## - TIPO DE MEDIO |
| Nombre/término del tipo de medio |
sin mediación |
| Código del tipo de medio |
n |
| Fuente |
rdamedia |
| 338 ## - TIPO DE SOPORTE |
| Nombre/término del tipo de soporte |
volumen |
| Código del tipo de soporte |
nc |
| Fuente |
rdacarrier |
| 500 ## - NOTA GENERAL |
| Nota general |
Incluye datos biográficos del autor en la contracubierta |
| 505 ## - NOTA DE CONTENIDO CON FORMATO |
| Nota de contenido con formato |
Prólogo,15 -- Introducción, 21 -- Agradecimientos, 23 -- Capítulo 1: El adicto, 25 -- Capítulo 2: Las adicciones y otras enfermedades mentales, 77 Capítulo 3: La drogadicción, 95 -- Capítulo 4: El alcoholismo, 141 -- Capítulo 5: La ludopatía, 179 -- Capítulo 6: La publicidad de las adiciones, 225 -- Capítulo 7: Las recaídas, 245 -- Capítulo 8: El fondo de los adictos, 257 -- Capítulo 9: El suicidio, 267 -- Capítulo 10: La codependencia, 301 -- Capítulo 11: La recuperación del adicto, 335 |
| 590 ## - NOTA LOCAL (RLIN) |
| Nota local |
Inventariado, 2020/VM |
| 650 #4 - PUNTO DE ACCESO ADICIONAL DE MATERIA--TÉRMINO DE MATERIA |
| Término de materia o nombre geográfico como elemento de entrada |
Abuso de sustancias |
| 9 (RLIN) |
50341 |
| 700 1# - PUNTO DE ACCESO ADICIONAL--NOMBRE DE PERSONA |
| Nombre de persona |
Pérez Bueno, Vanesa, |
| Término indicativo de función/relación |
diagramador |
| Código de función/relación |
di |
| 9 (RLIN) |
88439 |
| 700 1# - PUNTO DE ACCESO ADICIONAL--NOMBRE DE PERSONA |
| Nombre de persona |
Ramírez Herrera, Kenny, |
| Término indicativo de función/relación |
diagramador |
| Código de función/relación |
di. |
| 9 (RLIN) |
88440 |
| 700 1# - PUNTO DE ACCESO ADICIONAL--NOMBRE DE PERSONA |
| Nombre de persona |
Crespo, Miguelina |
| Código de función/relación |
corrector |
| 9 (RLIN) |
52150 |
| Término indicativo de función/relación |
co. |
| 700 1# - PUNTO DE ACCESO ADICIONAL--NOMBRE DE PERSONA |
| Nombre de persona |
Roberto Rímoli. |
| Término indicativo de función/relación |
prologuista |
| Código de función/relación |
pr. |
| 9 (RLIN) |
88460 |
| 910 ## - DATOS DE OPCIÓN DEL USUARIO (OCLC) |
| Datos de opción del usuario |
Validado. Control de Calidad/MAA |
| 942 ## - ELEMENTOS DE PUNTO DE ACCESO ADICIONAL (KOHA) |
| Fuente del sistema de clasificación o colocación |
Dewey Decimal Classification |
| Tipo de ítem Koha |
Libro |